000 00337nam a2200133Ia 4500
005 20260328101518.0
008 260328s9999||||xx |||||||||||||| ||und||
100 _aRivani, Giuseppe
245 0 _aLa Basilique de Saint Petrone a Bologne /
_cGiuseppe Rivani
260 _bBaroni
300 _a27 p.
650 _aEDAD MODERNA
942 _cBK
999 _c9451
_d9451